Kamerové systémy podľa zákona o ochrane osobných údajov

Zákon o ochrane osobných údajov umožňuje spracúvať osobné údaje vo viacerých kamerových systémoch. Ide najmä o monitorovanie priestorov prístupných a priestorov neprístupných verejnosti a monitorovanie zamestnancov na pracovisku. Dokumentácia ku kamerovým systémom.

Saved in:
Bibliographic Details
Main Author: Macová, Marcela
Format: Book Chapter
Language:Slovak
Subjects:
Tags: Add Tag
No Tags, Be the first to tag this record!

MARC

LEADER 00000naa a2200000 4500
001 0238896
005 20180122095624.4
041 0 |a slo 
044 |a SK 
245 1 0 |a Kamerové systémy podľa zákona o ochrane osobných údajov  |c Marcela Macová 
520 |a Zákon o ochrane osobných údajov umožňuje spracúvať osobné údaje vo viacerých kamerových systémoch. Ide najmä o monitorovanie priestorov prístupných a priestorov neprístupných verejnosti a monitorovanie zamestnancov na pracovisku. Dokumentácia ku kamerovým systémom. 
610 2 0 |a zákony 
610 2 0 |a ochrana dát 
610 2 0 |a systémy bezpečnostné 
610 2 0 |a spracovanie dát 
610 2 0 |a ochrana údajov osobných 
610 2 0 |a pracovisko 
610 2 0 |a zamestnanci 
610 2 0 |a kontrola 
100 1 |a Macová, Marcela